000 00766cab a2200241 4500
001 WB3309-66
008 090401t1997 xxu||||| |||| 00| 0 eng d
035 _a(Sirsi) u60084
041 _aeng
245 _aMixed development welcomed
260 _c1997
350 _a0
490 _aScotsman
_v24 February 1997, 33(2)
520 _aA multi-amenity development is underway in Edinburgh Old Town district on the former Holyrood Brewery site in Canongate. Profiles Development Services Partnership the project co-ordinator.
650 _aCOMMERCIAL PROPERT
650 _aEDINBURGH
650 _aMIXED-USE DEVELOPMENTS
650 _aMULTI-AMENITY
650 _aRESIDENTIAL PROPERTY
_96266
690 _aURBAN RENEWAL
942 _n0
948 _c04/03/1997
999 _c37005
_d37005